ISO 21920-3. Geometrical product specifications (GPS) - Surface texture: Profile - : Part 3: Specification operators

Gespeichert in:
Bibliographische Detailangaben
Format: Buch
Sprache:Englisch
Veröffentlicht: Geneva ISO 2021
Ausgabe:1. ed. 2021-12
Tags: Tag hinzufügen
Keine Tags, Fügen Sie das erste Tag hinzu!

MARC

LEADER 00000nam a22000003a 4500
001 0097586
003 SK-STU
005 20221011105613.5
007 ta
008 221011s ----xo-----e------000-0-----d
040 |a STU  |b slo 
041 0 |a eng 
044 |a sz 
245 1 0 |a ISO 21920-3. Geometrical product specifications (GPS) - Surface texture: Profile - :  |b Part 3: Specification operators 
250 |a 1. ed. 2021-12 
260 |a Geneva  |b ISO  |c 2021 
300 |a 29 s. 
996 |b 284M089151  |c M* N-1692-1  |l MMKN  |s P  |a 0  |w 0097586_0001